00341nam a2200133Ia 4500008004100000020001800041041000800059082001100067100002600078245004700104260002900151300000800180999001900188230822s2007 xx 000 0 und d a3-89508-894-3 aeng a726.77 aFRANCOIS J.& DHUYS L. aCISTERCIAN ABBEYS HISTORY AND ARCHITECTURE bKOTHARI BOOK DEPOTc2007 a399 c857963d857963